| 000 | 00580nam a22001697a 4500 | ||
|---|---|---|---|
| 003 | SISC | ||
| 005 | 20170613151828.0 | ||
| 008 | 170613b xxu||||| |||| 00| 0 eng d | ||
| 020 | _a9786214060382 | ||
| 050 |
_aHF 5721 _b.C758 2016 |
||
| 100 | _aConstantino, Guia F. | ||
| 245 |
_aModern business english : _bcorrespondence in the corporate world / _cGuia F. Constantino, Romarico M. Barrientos. |
||
| 260 |
_aManila : _bMindshapers Co., Inc., _c2016. |
||
| 300 |
_aviii, 198 pages : _billustrations ; _c23 cm. |
||
| 500 | _aIncludes bibliographical references. | ||
| 942 |
_2lcc _cBK |
||
| 999 |
_c335223 _d335223 |
||